000 00619nam a22001937a 4500
005 20251108165204.0
008 250721s1998 xx 000 0 ara d
082 1 4 _a956/جرا
100 1 _aجرار، حسني
245 1 0 _aمن أجل فلسطين :
_bمواقف عبر التاريخ الإسلامي /
264 1 _aعمان :
_bمؤسسة الزيتونه،
_c1998.
300 _a232ص
490 0 _aالمعارك التاريخية على أرض الشام
650 1 7 _aالتاريخ الإسلامي
650 1 7 _aبلاد الشام
650 1 7 _aفلسطين
942 _2ddc
_cBK
999 _c21639
_d21639